Loading...
| Literature - European | 0 | 3 | 0 | 0 | 30 | 98 | 117.33 | 0 | 1 | 0.00 | 0.00 |
| Social Science | 0 | 3 | 0 | 2 | 30 | 104 | 126.00 | 0 | 0 | 0.00 | 0.00 |
| Literature - British | 0 | 3 | 1 | 1 | 25 | 99 | 128.33 | 0 | 0 | 0.00 | 0.00 |
| History - American | 0 | 3 | 1 | 1 | 25 | 128 | 139.00 | 0 | 0 | 0.00 | 0.00 |
| History - World | 0 | 3 | 1 | 1 | 25 | 143 | 144.33 | 0 | 0 | 0.00 | 0.00 |
| Other Culture | 1 | 0 | 0 | 0 | 15 | 71 | 71.00 | 0 | 0 | 0.00 | 0.00 |
| History - Other | 0 | 1 | 0 | 0 | 10 | 106 | 106.00 | 0 | 1 | 0.00 | 0.00 |
| Fine Arts - Other Arts | 0 | 1 | 0 | 1 | 10 | 166 | 166.00 | 0 | 0 | 0.00 | 0.00 |
| Fine Arts - Classical Music and Opera | 0 | 1 | 0 | 0 | 10 | 142 | 142.00 | 0 | 0 | 0.00 | 0.00 |
| Fine Arts - Painting and Sculpture | 0 | 1 | 0 | 1 | 10 | 150 | 150.00 | 0 | 0 | 0.00 | 0.00 |
| Modern World | 0 | 1 | 0 | 1 | 10 | 145 | 145.00 | 0 | 0 | 0.00 | 0.00 |
| Other Academic | 0 | 1 | 0 | 0 | 10 | 133 | 133.00 | 0 | 0 | 0.00 | 0.00 |
| Religion | 0 | 1 | 0 | 0 | 10 | 147 | 147.00 | 0 | 0 | 0.00 | 0.00 |
| History - European | 0 | 1 | 0 | 1 | 10 | 159 | 159.00 | 0 | 0 | 0.00 | 0.00 |
| Geography | 0 | 0 | 0 | 0 | 0 | 0.00 | 0 | 0 | 0.00 | 0.00 | |
| Philosophy | 0 | 0 | 1 | 0 | -5 | 0.00 | 0 | 0 | 0.00 | 0.00 |